[Marketingový výskum]

Cieľom učebnice je poskytnúť a zhodnotiť špecifickú oblasť marketingového výskumu aj na Slovensku a vytvoriť tak základ - teoretickú, metodologickú a analytickú bázu pre ďalšie bádanie v oblasti marketingového výskumu. Učebnica približuje metódy relevantné pre všetky kroky procesu riešenia projektu...

ver descrição completa

Na minha lista:
Detalhes bibliográficos
Autor principal: Hasprová, Mária, 1970-
Formato: Capítulo de Livro
Idioma:eslovaco
Assuntos:
Tags: Adicionar Tag
Sem tags, seja o primeiro a adicionar uma tag!

MARC

LEADER 00000naa$a2200000$$$4500
001 0008921
005 20230808081429.1
041 0 |a slo 
044 |a SK 
245 1 0 |a [Marketingový výskum]  |c rec. Mária Hasprová 
520 |a Cieľom učebnice je poskytnúť a zhodnotiť špecifickú oblasť marketingového výskumu aj na Slovensku a vytvoriť tak základ - teoretickú, metodologickú a analytickú bázu pre ďalšie bádanie v oblasti marketingového výskumu. Učebnica približuje metódy relevantné pre všetky kroky procesu riešenia projektu marketingového výskumu - od vzniku potreby informácií na rozhodovanie marketingového manažmentu cez zdroje a metódy zhromažďovania údajov až po ich analýzu a interpretáciu vyúsťujúcu do záverečnej správy. 
610 2 0 |a marketing 
610 2 0 |a výskum 
610 2 0 |a stratégia marketingová 
610 2 0 |a nástroje marketingové 
610 2 0 |a recenzie 
100 1 |a Hasprová, Mária, 1970-